Derechos de los consumidores y ciudadanía: nuevos retos de las democracias contemporáneas /
Gorde:
| Egile nagusia: | |
|---|---|
| Formatua: | Texto |
| Gaiak: | |
| Etiketak: |
Etiketa erantsi
Etiketarik gabe, Izan zaitez lehena erregistro honi etiketa jartzen!
|
MARC
| LEADER | 00000 a a2200000 04500 | ||
|---|---|---|---|
| 001 | 18913 | ||
| 003 | |||
| 040 | |||
| 100 | |a Guzmán León, Juany María | ||
| 245 | |a Derechos de los consumidores y ciudadanía: |b nuevos retos de las democracias contemporáneas / |c Juany María Guzmán León | ||
| 650 | |a PROTECCION DEL CONSUMIDOR | ||
| 650 | |a CONSUMIDORES | ||
| 650 | |a PARTICIPACION SOCIAL | ||
| 650 | |a EDUCACION DEL CONSUMIDOR | ||
| 650 | |a CIUDADANIA | ||
| 650 | |a DEMOCRACIA | ||
| 773 | |g número 245; páginas 1-23 | ||
| 999 | |c 31088 |d 31088 | ||
